Oldest Living Pro Bowl Coaches - Statistics

General Stats
  • This quiz has been taken 10 times
  • The average score is 4 of 10
Answer Stats
Age Coach % Correct
98 Marv Levy
100%
86 Barry Switzer
50%
84 George Seifert
50%
89 John Robinson
50%
77 Tom Coughlin
50%
83 Joe Gibbs
25%
84 Mike Ditka
25%
93 Sam Rutigliano
25%
84 Wayne Fontes
25%
86 Leeman Bennett
0%
No matching quizzes found
Score Distribution
Percent of People with Each Score
Percentile by Number Answered
Your Score History
You have not taken this quiz